Blue - Madison Beer - Statistics

General Stats
  • This quiz has been taken 26 times
  • The average score is 264 of 314
Answer Stats
Hint Answer % Correct
a
100%
always
100%
be
100%
behind
100%
blue
100%
Verse 1 | Verse 2 I
100%
Red
100%
the
100%
was
100%
We
100%
You
100%
you
100%
my
93%
on
93%
to
93%
were
93%
does
87%
in
87%
like
87%
lips
87%
makeup
87%
run
87%
Outro (Run
87%
run)
87%
when
87%
When
87%
Chorus | Pre-Chorus And
80%
any
80%
Chorus But
80%
die
80%
envy
80%
green
80%
know
80%
minute
80%
of
80%
off
80%
us
80%
with
80%
best
73%
California
73%
did
73%
ever
73%
Gettin'
73%
honey
73%
me
73%
might
73%
movie
73%
Oh
73%
our
73%
rid
73%
roses
73%
seein'
73%
silent
73%
sunset
73%
Takin'
73%
that
73%
thing
73%
Black
67%
crime
67%
fool
67%
how
67%
mascara
67%
Ready
67%
scene
67%
tenderness
67%
through
67%
violent
67%
bed
60%
bloodstain
60%
could
60%
Diamonds
60%
gloves
60%
right
60%
as
53%
Fated
53%
gorgeous
53%
knew
53%
Saw
53%
sweet
47%
your
40%
cried
33%
cut
33%
darkness
33%
mind
33%
No matching quizzes found
Score Distribution
Percent of People with Each Score
Percentile by Number Answered
Your Score History
You have not taken this quiz